Shakti (Record no. 8949)

MARC details
000 -LEADER
fixed length control field 00517cam a2200217ua 4500
001 - CONTROL NUMBER
control field 9951
005 - DATE AND TIME OF LATEST TRANSACTION
control field 20260515114540.0
008 - FIXED-LENGTH DATA ELEMENTS--GENERAL INFORMATION
fixed length control field 170118n ii |||gr||||Z||||||asm
020 ## - INTERNATIONAL STANDARD BOOK NUMBER
International Standard Book Number 8123729120
040 ## - CATALOGING SOURCE
Transcribing agency MAIN
041 ## - LANGUAGE CODE
Language code of text/sound track or separate title asm
082 ## - DEWEY DECIMAL CLASSIFICATION NUMBER
Classification number 333.79
100 ## - MAIN ENTRY--PERSONAL NAME
Personal name Baxi, A. K.,
Relator term Author.
245 ## - TITLE STATEMENT
Title Shakti
Statement of responsibility, etc. By A. K. Baxi
250 ## - EDITION STATEMENT
Edition statement 1st ed.
260 ## - PUBLICATION, DISTRIBUTION, ETC.
Place of publication, distribution, etc. New Delhi:
Name of publisher, distributor, etc. NBT,
Date of publication, distribution, etc. 1995.
300 ## - PHYSICAL DESCRIPTION
Extent 84p.
653 ## - INDEX TERM--UNCONTROLLED
Uncontrolled term Economics ofland & energy
700 ## - ADDED ENTRY--PERSONAL NAME
Personal name Goswami, Ramesh Chandra,
Relator term Translator.
942 ## - ADDED ENTRY ELEMENTS (KOHA)
Koha item type Books
Holdings
Withdrawn status Lost status Damaged status Not for loan Home library Current library Shelving location Date acquired Total checkouts Full call number Barcode Date last seen Copy number Price effective from Koha item type
        Naharkatiya College Library Naharkatiya College Library General stacks 09/19/2020   333.79Popular science | BAX 16166 09/19/2020 1 09/19/2020 Books